000 01222 a2200181 4500
003 Nust
005 20221209142916.0
020 _a0071003932
040 _cNust
082 _a621.382,GIL
100 _aGilmore,Charles M
_919157
245 _aMicroprocessors Principles & Applications /
_cCharles M Gilmore,
260 _aDelhi
_bMcGraw-Hill
_c1989
300 _axvii , 508p
505 _aWhat is the Microprocessor (Page-1), The Decimal and Binary Number Systems (Page-16), Processor Arithmetic (Page-28), Basic Microprocessor Architectural Concepts (Page-49), Inside the Microprocessor (Page-71), An Introduction to Microprocessor Instructions (Page-102), Communicating with the Microprocessor (Page-127), Two 8-Bit Microprocessors: the Z80 and 6802 (Page-140), A Single Chip 8-Bit Microprocessor (Page-187), Sixteen BIT Microprocessors The 8088 and the 68000 (Page-224), Memory (Page-283), Mass Storage (Page-311), Microprocessor I/O (Page-340), An Introduction to Programming (Page-382), Operating Systems and System Software (Page-411), Servicing Microprocessor Based Products (Page-440), Developing Microprocessor-Based Products (Page-463).
650 _aTelecommunications engineering.
_958485
942 _2ddc
_cBK
999 _c190631
_d190631